<?xml version="1.0" encoding="UTF-8"?>
<record
    xmlns:xsi="http://www.w3.org/2001/XMLSchema-instance"
    xsi:schemaLocation="http://www.loc.gov/MARC21/slim http://www.loc.gov/standards/marcxml/schema/MARC21slim.xsd"
    xmlns="http://www.loc.gov/MARC21/slim">

  <leader>01946nam a22002657a 4500</leader>
  <controlfield tag="003">DO-SdBJH</controlfield>
  <controlfield tag="005">20260703203552.0</controlfield>
  <controlfield tag="008">260703b2025    |||d|||| |||| 00| 0 spa d</controlfield>
  <datafield tag="040" ind1=" " ind2=" ">
    <subfield code="a">DO-SdBJH</subfield>
    <subfield code="b">spa</subfield>
    <subfield code="c">DO-SdBJH</subfield>
  </datafield>
  <datafield tag="041" ind1="0" ind2=" ">
    <subfield code="a">spa</subfield>
  </datafield>
  <datafield tag="090" ind1=" " ind2=" ">
    <subfield code="a">CT CM-0024</subfield>
    <subfield code="b">AMBC 2025</subfield>
  </datafield>
  <datafield tag="100" ind1="1" ind2=" ">
    <subfield code="a">Uribe Acacio, Leidy Ailin</subfield>
    <subfield code="e">sustentante</subfield>
  </datafield>
  <datafield tag="245" ind1="1" ind2="0">
    <subfield code="a">Impacto del 1er batall&#xF3;n de Polic&#xED;a Militar en apoyo a la 1era Brigada de Infanter&#xED;a enfocado a la seguridad ciudadana /</subfield>
    <subfield code="c">Leidy Ailin Uribe Acacio, Yoalmer Jos&#xE9; Acosta Mej&#xED;a ; asesor metodol&#xF3;gico Reynaldo Cruz Camacho ; asesor de contenido Franklin Hern&#xE1;ndez Fern&#xE1;ndez.</subfield>
  </datafield>
  <datafield tag="260" ind1=" " ind2=" ">
    <subfield code="a">Santo Domingo, Rep&#xFA;blica Dominicana :</subfield>
    <subfield code="b">UNADE,</subfield>
    <subfield code="c">2025.</subfield>
  </datafield>
  <datafield tag="300" ind1=" " ind2=" ">
    <subfield code="a">xxii, 86, [04] p&#xE1;ginas :</subfield>
    <subfield code="b">gr&#xE1;ficas.</subfield>
  </datafield>
  <datafield tag="502" ind1=" " ind2=" ">
    <subfield code="a">Tesis y trabajos de grado (Licenciatura en Ciencias Militares)--Universidad Nacional para la Defensa "General Juan Pablo Duarte y D&#xED;ez", Academia Militar "Batalla de las Carreras", Santo Domingo, 2025.</subfield>
  </datafield>
  <datafield tag="504" ind1=" " ind2=" ">
    <subfield code="a">Incluye referencias bibliogr&#xE1;ficas y anexos.</subfield>
  </datafield>
  <datafield tag="505" ind1=" " ind2=" ">
    <subfield code="a">Operaciones, actividades y funciones implementadas por la Polic&#xED;a Militar en la 1era Brigada de infanter&#xED;a para mejorar la seguridad ciudadana y reducir la criminalidad -- Influencia de la coordinaci&#xF3;n entre la polic&#xED;a militar y las organizaciones civiles en apoyo de la seguridad ciudadana -- Impacto de las operaciones, actividades y funciones de la polic&#xED;a militar en la seguridad ciudadana.</subfield>
  </datafield>
  <datafield tag="650" ind1=" " ind2="7">
    <subfield code="2">lemb</subfield>
    <subfield code="a">Polic&#xED;a militar</subfield>
    <subfield code="v">Tesis y disertaciones acad&#xE9;micas</subfield>
    <subfield code="x">Seguridad ciudadana</subfield>
    <subfield code="x">Cooperaci&#xF3;n c&#xED;vico-militar </subfield>
    <subfield code="z">Rep&#xFA;blica Dominicana</subfield>
  </datafield>
  <datafield tag="650" ind1=" " ind2="7">
    <subfield code="2">lemb</subfield>
    <subfield code="a">Seguridad ciudadana</subfield>
    <subfield code="v">Tesis y disertaciones acad&#xE9;micas</subfield>
    <subfield code="x">Participaci&#xF3;n de las fuerzas armadas</subfield>
    <subfield code="x">Prevenci&#xF3;n del delito</subfield>
    <subfield code="z">Rep&#xFA;blica Dominicana</subfield>
  </datafield>
  <datafield tag="700" ind1="1" ind2=" ">
    <subfield code="a">Acosta Mej&#xED;a, Yoalmer Jos&#xE9;</subfield>
    <subfield code="e">sustentante</subfield>
  </datafield>
  <datafield tag="700" ind1="1" ind2=" ">
    <subfield code="a">Cruz Camacho, Reynaldo</subfield>
    <subfield code="e">asesor metodol&#xF3;gico</subfield>
  </datafield>
  <datafield tag="700" ind1="1" ind2=" ">
    <subfield code="a">Hern&#xE1;ndez Fern&#xE1;ndez, Franklin</subfield>
    <subfield code="e">asesor de contenido</subfield>
  </datafield>
  <datafield tag="942" ind1=" " ind2=" ">
    <subfield code="2">CL</subfield>
    <subfield code="c">T</subfield>
  </datafield>
  <datafield tag="999" ind1=" " ind2=" ">
    <subfield code="c">8754</subfield>
    <subfield code="d">8754</subfield>
  </datafield>
  <datafield tag="952" ind1=" " ind2=" ">
    <subfield code="0">0</subfield>
    <subfield code="1">0</subfield>
    <subfield code="2">CL</subfield>
    <subfield code="4">0</subfield>
    <subfield code="7">0</subfield>
    <subfield code="8">TG</subfield>
    <subfield code="a">BJHA</subfield>
    <subfield code="b">BJHA</subfield>
    <subfield code="c">GEN</subfield>
    <subfield code="d">2026-07-03</subfield>
    <subfield code="i">25-02612</subfield>
    <subfield code="l">0</subfield>
    <subfield code="o">CT CM-0024 AMBC 2025</subfield>
    <subfield code="p">25-02612</subfield>
    <subfield code="r">2026-07-03 20:36:54</subfield>
    <subfield code="t">e.1</subfield>
    <subfield code="w">2026-07-03</subfield>
    <subfield code="y">T</subfield>
  </datafield>
</record>
